[Event "Rio de Janeiro-ch"]
[Site "Rio de Janeiro"]
[Date "2014.01.19"]
[Round "4"]
[White "Reboredo, Maximiano Goncalves"]
[Black "Medeiros, Jorge Luiz Cabral J"]
[Result "0-1"]
[WhiteElo "2140"]
[BlackElo "2258"]
[PlyCount "64"]
[EventDate "2014.01.18"]
[EventType "swiss"]
[EventRounds "6"]
[EventCountry "BRA"]
[SourceTitle "CBM 158 Extra"]
[Source "ChessBase"]
[SourceDate "2014.02.28"]
[SourceVersion "1"]
[SourceVersionDate "2014.02.28"]
[SourceQuality "1"]

1. e4 c5 2. Nf3 e6 3. d4 cxd4 4. Nxd4 a6 5. Bd3 Bc5 6. Be3 Qb6 7. c3 Qxb2 8. Nc2 Bxe3 9. fxe3 Ne7 10. 0-0 0-0 11. a4 Qb6 12. Nba3 Qc5 13. c4 Nbc6 14. Qe1 Ne5 15. Be2 N7c6 16. Qd2 b6 17. Nd4 Bb7 18. Nf3 Rab8 19. Kh1 Rfd8 20. Rfc1 Ng4 21. Nc2 Nf2+ 22. Kg1 Nxe4 23. Qd3 f5 24. Nfd4 Ne5 25. Qd1 Nc3 26. Qd2 Nxe2+ 27. Qxe2 Qxc4 28. Qd2 Qd3 29. Qf2 Qe4 30. Ne1 Ng4 31. Qf4 Qxe3+ 32. Qxe3 Nxe3 0-1